Statistics for Geography by Letter - S

Click here to take the quiz!

General Stats

  • This quiz has been taken 39 times
  • The average score is 7 of 15

Answer Stats

Answer% Correct
Seine
90%
South Dakota
71%
St Lucia
71%
Syria
71%
Shanghai
68%
Stockholm
68%
Saint Helens
52%
Spain
52%
Superior
52%
Saxony
35%
Sinai
35%
Swamp
29%
Salt Flat
19%
Sarajevo
19%
Silla
10%

Score Distribution

Percentile by Number Answered

Percent of People with Each Score

Your Score History

You have not taken this quiz